<?xml version="1.0" encoding="UTF-8"?>
<collection xmlns="http://www.loc.gov/MARC21/slim">
  <record>
    <leader>00000nam  2200000   4500</leader>
    <controlfield tag="001">INLIS000000000003727</controlfield>
    <controlfield tag="005">20190716105043</controlfield>
    <datafield tag="035" ind1="#" ind2="#">
      <subfield code="a">0010-1118000267</subfield>
    </datafield>
    <controlfield tag="007">ta</controlfield>
    <controlfield tag="008">190716################|##########|#|##</controlfield>
    <datafield tag="100" ind1=" " ind2="#">
      <subfield code="a">Elly Fatimah</subfield>
    </datafield>
    <datafield tag="245" ind1="1" ind2="#">
      <subfield code="a">Pembangunan Dan Penerapan Manajemen Risiko Untuk Peningkatan Kinerja Di Lembaga Administrasi Negara /</subfield>
      <subfield code="c">Elly Fatimah</subfield>
    </datafield>
    <datafield tag="260" ind1="#" ind2="#">
      <subfield code="a">Jakarta :</subfield>
      <subfield code="b">Pusdiklat KAN,</subfield>
      <subfield code="c">2018</subfield>
    </datafield>
    <datafield tag="300" ind1="#" ind2="#">
      <subfield code="a">... hlm. :</subfield>
      <subfield code="b">ilus. ;</subfield>
      <subfield code="c">30 cm.</subfield>
    </datafield>
    <datafield tag="650" ind1="#" ind2="#">
      <subfield code="a">Manajemen Risiko</subfield>
    </datafield>
    <datafield tag="082" ind1="#" ind2="#">
      <subfield code="a">502018</subfield>
    </datafield>
    <datafield tag="084" ind1="#" ind2="#">
      <subfield code="a">R 50 PIM I 2018</subfield>
    </datafield>
    <datafield tag="990" ind1="#" ind2="#">
      <subfield code="a">00000004753</subfield>
    </datafield>
    <datafield tag="990" ind1="#" ind2="#">
      <subfield code="a">190150</subfield>
    </datafield>
  </record>
</collection>
